De parte de las cosas, precedido por Doce escritos breves y seguido por Proemios

Uloženo v:
Podrobná bibliografie
Hlavní autor: Ponge, Francis (Autor)
Médium: Kniha
Jazyk:španělština
Vydáno: Buenos Aires, Argentina. El Cuenco de Plata, 2017
Vydání:1a. ed
Edice:Extraterritorial
Témata:
Tagy: Přidat tag
Žádné tagy, Buďte první, kdo vytvoří štítek k tomuto záznamu!

MARC

LEADER 00000cam a2200000 a 4500
001 UCB0130
003 CL-VaPUC
005 20211030074325.0
008 191213e20170000ag spa d
999 |c 375826  |d 375824 
020 |a 9789873743863 
040 |c Pontificia Universidad Católica de Valparaíso 
082 0 4 |a 841 PON 2017  |2 21 
100 1 |a Ponge, Francis  |e author  |9 604795 
245 1 0 |a De parte de las cosas, precedido por Doce escritos breves y seguido por Proemios 
250 |a 1a. ed 
260 |a Buenos Aires, Argentina.  |b El Cuenco de Plata,  |c 2017 
300 |a 243 páginas 
490 0 |a Extraterritorial 
583 |a last modification  |c 20191213 11:48:00  |k cmena 
650 0 0 |a Poesías francesas  |9 265467 
650 0 0 |a Literatura francesa  |9 266330 
942 |c BK  |2 ddc 
945 |a dcastane  |d 20191213 11:48:00 
952 |0 0  |1 0  |2 ddc  |4 0  |6 841_000000000000000_PON_2017  |7 0  |9 494902  |a BIBARQ  |b BIBARQ  |d 2019-12-05  |e 3  |g 11204.00  |i 5567033  |l 1  |m 2  |o 841 PON 2017  |p 5567033  |r 2025-04-07  |s 2024-10-18  |t 1  |v 11204.00  |w 2019-12-05  |y BK